| 000 | 01550cam a22003497a 4500 | ||
|---|---|---|---|
| 999 |
_c26245 _d26245 |
||
| 001 | 14981133 | ||
| 005 | 20170203124901.0 | ||
| 008 | 070824s2007 caua 000 0 eng d | ||
| 010 | _a 2007936105 | ||
| 020 | _a9781933492278 (pbk.) | ||
| 020 | _a1933492279 (pbk.) | ||
| 020 | _a9781933492285 | ||
| 020 | _a1933492287 | ||
| 035 | _a(OCoLC)ocn176956463 | ||
| 042 | _alccopycat | ||
| 050 | 0 | 0 | _aNC825 .A8S56 2007 |
| 082 | 0 | 4 |
_a743.89629 _222 |
| 100 | 1 | _aSimon, Daniel. | |
| 245 | 1 | 0 |
_aCosmic motors : _bspaceships, cars and pilots of another galaxy / _cDaniel Simon ; foreword by Syd Mead. |
| 250 | _a1st ed. | ||
| 260 |
_aCulver City, CA : _bDesign Studio Press, _cc2007. |
||
| 300 |
_a171 p. : _bill. (some col.) ; _c31 cm. |
||
| 505 | 0 | _aThe story -- The vehicles of cosmic motors -- Camarudo -- Icetrain -- Sexy magrela -- Taooa -- Djado fleet -- Detonator -- Nembiquarer -- Galaxion -- Gravion -- Vehicle specifications -- Extras -- Behind the scenes -- Author's biography -- Deutsche ubersetzung -- Credits. | |
| 650 | 0 | _aAutomobiles in art. | |
| 650 | 0 | _aFantasy in art. | |
| 650 | 0 |
_aAutomobiles _xDesign and construction. |
|
| 650 | 0 |
_aDrawing _xTechnique. |
|
| 942 |
_2lcc _cBOOKS |
||